000 00993nam a2200241Ii 4500
003 JO-AjNU
008 230605s9999||||xx |||||||||||||| ||und||
017 _a2008/7/2195
020 _a978-9957-24-404-0
040 _aJO-AjNU
_bara
_erda
_cJO-AjNU
041 _aara
050 1 4 _aHF 5626.J85 2009
100 3 _aجمعة،احمد حلمي,
_eauthor
_928231
245 0 0 _aالمدخل الى التدقيق والتأكيد الحديث: الاطار الدولي....ادلة ونتائج التدقيق
250 _aط1
264 3 1 _aعمان: دار صفاء للنشر والتوزيع،2009
300 _a608ص
_bيحتوي على ملاحق من ص495-590ص،يحتوي على ببلوغرافية من ص591-608ص
336 _atext
_btxt
_2rdacontent
337 _aunmediated
_bn
_2rdamedia
338 _avolume
_bnc
_2rdacarrier
490 0 _aسلسلة الكتب التعليمية؛الكتاب الاول
650 4 _aالمحاسبة- تدقيق الحسابات
_928232
999 _aA10924
_c14492
_d14492